000 00938 a2200277 4500
005 20260625093131.0
020 _a0443024367 :
020 _a9780443024368
050 1 0 _aRC857.4
_bPAN 1984
100 _aKloppel, Gunter
_eeditor
245 0 0 _aPancreatic pathology /
_c
264 _aEdinburgh :
_bChurchill Livingstone,
_c1984
300 _a239 pages :
_billustrations ;
336 _atext
_btxt
_2rdacontent
337 _aunmediated
_bn
_2rdamedia
338 _avolume
_bnc
_2rdacarrier
500 _aIncludes index.
504 _aBibliography: pages 225-232.
650 0 _aPancreas
_xDiseases.
650 0 _aHistology, Pathological.
650 2 _aPancreatic diseases.
700 1 _a
_eeditor
700 1 _aHeitz, Philipp U.
_eeditor
942 _2lcc
_cBK
_h857.4
_iPAN
_kRC
999 _c12195
_d12195